000 00629nam a2200229Ia 4500
003 OSt
005 20221005133751.0
006 a|||||r|||| 00| 0
007 ta
008 221004b |||||||| |||| 00| 0 pan d
024 _a62697
037 _cTextual
040 _aCRL
_cCRL
_bpan
041 _2pan
_apan
082 _aO153,2NHA,1, M2
100 _aਸਿੰਘ, ਹਰਸਰਨ, ਂਚ.
245 0 _aਦੋਗ਼॥ੀ
260 _c1982
650 _aਪੰਜਾਬੀ ਸਾਹਿਤ
942 _hO153,2NHA,1, M2
_cTEXL
_2cc
999 _c1067826
_d1067826